| 000 | 00649nam a2200205 i 4500 | ||
|---|---|---|---|
| 001 | 17619 | ||
| 003 | ES-MaACL | ||
| 005 | 20230906151628.0 | ||
| 007 | t| | ||
| 008 | 010410s2000 sp ||||1| spa d | ||
| 020 | _a84-470-1535-1 | ||
| 080 | _a35(460).076 | ||
| 100 | 1 |
_aGonzález Pérez, Jesús. _958870 |
|
| 245 | 1 | 0 |
_aResponsabiblidad patrimonial de las administraciones públicas / _cJesús González Pérez. |
| 250 | _a2ª ed. | ||
| 260 |
_aMadrid : _bCivitas, _c2000. |
||
| 300 |
_a577p. ; _c25 cm. |
||
| 650 | 4 |
_aResponsabiblidad patrimonial de las administraciones públicas- _zEspaña. _916865 |
|
| 852 |
_aES-MaACL _jL-24568 _bR.129801 |
||
| 999 |
_c17619 _d17619 |
||